[Event "Ptuj"]
[Site "Ptuj"]
[Date "1993.??.??"]
[Round "?"]
[White "Sher, Miron N"]
[Black "Jelen, Iztok"]
[Result "1/2-1/2"]
[WhiteElo "2535"]
[BlackElo "2390"]

1.c4 e6 2.Nf3 d5 3.d4 c5 4.cxd5 exd5 5.Nc3 Nc6 6.Bg5 Be7 7.Bxe7 Ngxe7 8.e3 cxd4
9.Nxd4 O-O 10.Nb3 Qb6 11.Bd3 Rd8 12.Ne2 d4 13.Nexd4 Nxd4 14.Nxd4 Qxb2 15.O-O Bf5
16.Nxf5 Nxf5 17.Qe2 Qxe2 18.Bxe2 Rac8 19.Rfc1 g6 20.Kf1 Kf8 21.g4 Nd6 22.Bd3 Ke7
23.Ke2 f5 24.h3 Kf6 25.a4 Ne4 26.Bxe4 fxe4 27.Rab1 b6 28.Rxc8 Rxc8 29.Rb4 Rc2+
30.Kf1 Ke5 31.g5 Ra2 32.Kg2 Kf5 33.h4 Ke5 34.Kg3 Kf5 35.Rd4 Ke5 36.Rd7 Rxa4
37.Rxh7 b5 38.Rb7 b4 39.Kg4 a5 40.Rb5+ Ke6 41.h5 gxh5+ 42.Kxh5 Ra2 43.Kh6 Rxf2
44.Rxa5 b3 45.Rb5 b2 46.g6 Rh2+ 47.Kg7 Rg2 48.Kh7 Kd6 49.g7 Rh2+ 50.Kg8 Rf2
51.Rb8 Kc7 52.Rb4 Kc6 53.Kh7 Rh2+ 54.Kg6 Rg2+ 55.Kf7 Rf2+ 56.Ke6 Rg2 57.Rxb2 Rxg7
58.Rc2+ Kb5 59.Kd5 Kb6 60.Rc6+ Kb7 61.Rc4 Kb6 62.Rc6+ Kb7 63.Rc3 Re7 64.Kd6 Rh7
65.Ke5 Re7+ 66.Kd5 Re8 67.Rc4 Rh8 68.Kd6 Rh6+ 69.Ke5 Rh3 70.Rc3 Rh4 71.Kf5 Kb6
72.Ke5 Kb7 73.Kd5 Kb6 74.Kd4 Kb7 75.Rc2 Kb6 76.Kd5 Kb7 77.Rc1 Kb6 78.Kd4 Kb7
79.Ke5 Kb6 80.Kf5 Kb7 81.Rc4 Rh3 82.Kf4 Rh8 83.Rc3 Re8 84.Kf5 Kb6 85.Rc1 Kb7
86.Rc4 Rh8 87.Kf6 Rh6+ 88.Kg5 Rh8 89.Kg6 Kb6 90.Kf6 Rh6+ 91.Ke5 Rh5+ 92.Kd4 Rh8
93.Rc3 Rh4 94.Ke5 Kb7 95.Rc4 Rh5+ 96.Ke6 Rh6+ 97.Ke7 Rh4 98.Kf6 Rh6+ 99.Kf5 Rh5+
100.Kg6 Rh8 101.Kf5 Rh5+  1/2-1/2

[Event "Ramat Hasharon"]
[Site "Ramat Hasharon"]
[Date "1993.??.??"]
[Round "4"]
[White "Timanin, Boris"]
[Black "Boim, Inon"]
[Result "0-1"]
[WhiteElo "2355"]
[BlackElo "2365"]

1.c4 e6 2.Nf3 d5 3.e3 Nf6 4.d4 a6 5.c5 b6 6.cxb6 cxb6 7.Bd2 Bd6 8.Bd3 O-O
9.O-O Nbd7 10.Qb3 e5 11.dxe5 Nxe5 12.Nxe5 Bxe5 13.f4 Bd6 14.Na3 Bc5 15.Nc2 Ne4
16.Bb4 a5 17.Bxe4 dxe4 18.Bxc5 bxc5 19.Rfd1 Qe7 20.Qc3 Ba6 21.Rd5 Rfc8 22.Ne1 Bb7
23.Rd2 h6 24.h3 Qe6 25.a3 a4 26.g4 Ra6 27.f5 Qe7 28.Ng2 Rd6 29.Rxd6 Qxd6
30.Nf4 Ba6 31.Nh5 f6 32.Nf4 Bd3 33.Rd1 c4 34.Rd2 Qc5 35.Kf2 Rd8 36.Ne6 Qd6
37.Nf4 Kh7 38.Qa5 Qd7 39.Qb6 Qe7 40.Qa5 Qd7 41.Ne6 Rc8 42.Qb4 Kg8 43.Nf4 Kh7
44.Qc3 Qb7 45.h4 Qb3 46.Nd5 Qb8 47.Nf4 Rc5 48.h5 Qb3 49.Qd4 c3 50.bxc3 Qxc3
51.Qxc3 Rxc3 52.Rb2 Rb3 53.Ra2 Kg8 54.Ne6 Rb5 55.Nf4 Kf7 56.Ra1 Rc5 57.Ra2 Rc3
58.Ra1 Ke8 59.Ra2 Bc4 60.Ra1 Kd7 61.Rd1+ Bd3 62.Ra1 Kd6 63.Kg3 Bc4 64.Rd1+ Kc6
65.Ne6 Rxe3+ 66.Kf4 Rxa3 67.Kxe4 Rg3 68.Nd4+ Kc5 69.Kf4 Rg2 70.Ne6+ Kb4 71.Rb1+ Kc3
72.Ra1 Ra2 73.Rc1+ Rc2 74.Ra1 Ba2 75.Nxg7 Kb2 76.Rd1 a3 77.Rd3 Bb3 78.Rd6 a2
79.Ra6 Rc4+ 80.Ke3 Ba4  0-1

[Event "Rostov op"]
[Site "Rostov"]
[Date "1993.??.??"]
[Round "?"]
[White "Lerner, Konstantin Z"]
[Black "Stripunsky, Alexander"]
[Result "1/2-1/2"]
[WhiteElo "2530"]
[BlackElo "2470"]

1.c4 e6 2.Nf3 d5 3.g3 c5 4.Bg2 Nc6 5.cxd5 exd5 6.d4 Nf6 7.O-O Be7 8.Nc3 O-O
9.Bg5 Be6 10.dxc5 Bxc5 11.Bxf6 Qxf6 12.Nxd5 Qxb2 13.Nc7 Rad8 14.Qc1 Qxc1
15.Raxc1 b6 16.Nxe6 fxe6 17.e3 h6 18.Rc4 Rd6 19.Re4 a6 20.h4 Nb4 21.a4 Nd3
22.Rb1 Kf7 23.Bf1 Ke7 24.Bxd3 Rxf3 25.Be2 Rf6 26.Rb2 a5 27.h5 Rf5 28.g4 Rfd5
29.Bc4 Rd1+ 30.Kg2 Rc1 31.f4 Bxe3 32.Re2 Bc5 33.Bxe6 Rd4 34.Rxd4 Bxd4 35.Bc4+ Kd6
36.Bb5 Kd5 37.Be8  1/2-1/2

[Event "Wuerttemberg-ch"]
[Site "Schramberg"]
[Date "1993.??.??"]
[Round "2"]
[White "Gruber, Thomas"]
[Black "Dittmar, Peter"]
[Result "0-1"]
[WhiteElo "2235"]
[BlackElo "2290"]

1.c4 e6 2.Nf3 d5 3.d4 c5 4.cxd5 exd5 5.g3 Nf6 6.Bg2 Nc6 7.O-O Be7 8.dxc5 Bxc5
9.Bg5 O-O 10.Nc3 d4 11.Bxf6 Qxf6 12.Ne4 Qe7 13.Nxc5 Qxc5 14.Qd2 Bg4 15.h3 Bh5
16.Rac1 Qb6 17.Ng5 Rfe8 18.Rfe1 Bg6 19.Rc4 h6 20.Bxc6 bxc6 21.Nf3 c5 22.Qc1 Qe6
23.Rxc5 Qxh3 24.Nxd4 Be4 25.Nf3 g5 26.Rc7 Re5 27.Rxf7 Rae8 28.Rf6 Kg7 29.Rf4 gxf4
30.Qxf4 Rf5 31.Qc7+ Rf7 32.Qc3+ Kg8 33.Rd1 Bxf3 34.exf3 Qe6 35.Kg2 Qf6 36.Qd3 Ref8
37.f4 Qg7 38.Rh1 Rxf4 39.Qd5+ R4f7 40.f4 Qxb2+ 41.Kh3 Qg7  0-1

[Event "Seefeld op"]
[Site "Seefeld"]
[Date "1993.??.??"]
[Round "8"]
[White "Nadenau, Oskar"]
[Black "Thoeny, Hermann"]
[Result "1/2-1/2"]
[WhiteElo "1950"]
[BlackElo "2070"]

1.c4 e6 2.Nf3 d5 3.e3 c5 4.cxd5 exd5 5.d4 Nc6 6.Nc3 Nf6 7.Be2 Be7 8.O-O O-O
9.b3 Ne4 10.Bb2 Bf6 11.Rc1 b6 12.Na4 Be6 13.Ba3 Rb8 14.Bb5 Nb4 15.Qe2 a5
16.Rfd1 Qe7 17.dxc5 bxc5 18.Bd3 Bg4 19.h3 Bd7 20.Ne1 Bxa4 21.Bxe4 Qxe4 22.bxa4 c4
23.Qf3 Rfc8 24.Bxb4 Qxf3 25.Nxf3 Rxb4 26.Rxd5 Rxa4 27.Rc2 Kf8 28.g4 h6 29.Nd2 c3
30.Nb3 Rb8 31.Kf1 Ra3 32.Ke2 a4 33.Nc1 Ke7 34.Rd3 Rb2 35.Kd1 Rb1 36.Ke2 Rxc1
37.Rxc1 Rxa2+ 38.Kf3 Rd2 39.Rdxc3  1/2-1/2

[Event "Silvaplana SKA op"]
[Site "Silvaplana"]
[Date "1993.??.??"]
[Round "?"]
[White "Cesareo, Fabio"]
[Black "Sher, Miron N"]
[Result "0-1"]
[WhiteElo "2070"]
[BlackElo "2535"]

1.c4 e6 2.Nf3 d5 3.g3 Nf6 4.Bg2 dxc4 5.Qa4+ Nbd7 6.O-O c5 7.Qxc4 b6 8.d4 Bb7
9.Nc3 Rc8 10.Bg5 Be7 11.Rfd1 O-O 12.dxc5 Rxc5 13.Qa4 Bc6 14.Qb3 Bxf3 15.Bxf6 Bxf6
16.Bxf3 Bxc3 17.bxc3 Qc7 18.Rac1 Rc8 19.Rd4 h6 20.Be4 Nf6 21.Bd3 Nd5 22.c4 b5
23.a4 a6 24.axb5 axb5 25.Qa2 Nb6 26.Rd1 bxc4 27.Bc2 Nd5 28.Qa3 g6 29.e4 Nf6
30.Qe3 Kg7 31.Qc3 Qa5 32.Qf3 Rb5 33.e5 Rxe5 34.Rf4 Re1+ 35.Rxe1 Qxe1+ 36.Kg2 Qe5
37.h4 Rc7 38.g4 g5 39.hxg5 hxg5 40.Rxf6 Qxf6 41.Qe4 c3 42.Qd3 Qe5 43.f3 Rc5  0-1

[Event "Sitges op"]
[Site "Sitges"]
[Date "1993.??.??"]
[Round "5"]
[White "Pogorelov, Ruslan"]
[Black "Semkov, Semko"]
[Result "1/2-1/2"]
[WhiteElo "2415"]
[BlackElo "2480"]

1.c4 e6 2.Nf3 d5 3.d4 c6 4.Nc3 dxc4 5.a4 Bb4 6.Bd2 c5 7.dxc5 Bxc5 8.Ne4 Be7
9.Qc2 Nf6 10.Nxf6+ Bxf6 11.e4 Nc6 12.Bxc4 Bd7 13.O-O Rc8 14.Qb3 O-O 15.Rfd1 Qc7
16.Rac1 Rfd8 17.Bb5 Be8 18.Be3 Rxd1+ 19.Rxd1 a6 20.Bf1 Ne5 21.Nxe5 Bxe5 22.h3 h6
23.Rc1 Bc6 24.Qc2 Bh2+ 25.Kh1 Bf4 26.Qc3 Bxe3 27.Qxe3 Qe5 28.b3 Rd8 29.f3 f5
30.Qb6 Rd6 31.exf5 exf5 32.Qc5 Qxc5  1/2-1/2

[Event "St Petersburg zt"]
[Site "St Petersburg"]
[Date "1993.??.??"]
[Round "6"]
[White "Sokolov, Andrei"]
[Black "Sveshnikov, Evgeny"]
[Result "1/2-1/2"]
[WhiteElo "2555"]
[BlackElo "2555"]

1.c4 e6 2.Nf3 d5 3.g3 Nf6 4.Bg2 dxc4 5.Qa4+ Nbd7 6.Qxc4 c5 7.d4 a6 8.Qc2 b5
9.Ne5 Nd5 10.Nxd7 Qxd7 11.dxc5 Bb7 12.O-O Rc8 13.Nc3 Bxc5 14.Rd1 Qe7 15.Nxd5 Bxd5
16.e4 Bb7 17.Qe2 O-O 18.Be3 Rc7  1/2-1/2

[Event "Stockerau op"]
[Site "Stockerau"]
[Date "1993.??.??"]
[Round "3"]
[White "Svitek, Jiri"]
[Black "Kacheishvili, Giorgi"]
[Result "0-1"]
[WhiteElo "2180"]
[BlackElo "2395"]

1.c4 e6 2.Nf3 d5 3.d4 c6 4.cxd5 exd5 5.Nc3 Bf5 6.Bg5 Qb6 7.Na4 Qa5+ 8.Bd2 Qc7
9.e3 Nd7 10.Rc1 Ngf6 11.Be2 Ne4 12.a3 a5 13.Nc3 Qb6 14.Nh4 Be6 15.Qc2 Nxd2
16.Qxd2 Be7 17.Nf3 O-O 18.O-O Rfe8 19.Na4 Qa7 20.Qc3 Bg4 21.Rfe1 b5 22.Nc5 Nxc5
23.dxc5 Bf6 24.Qd2 Re4 25.h3 Bh5 26.Nd4 Bxe2 27.Rxe2 Qd7 28.Rce1 a4 29.Qd3 Rae8
30.Kf1 g6 31.Qd2 Qc7 32.g3 Bg7 33.f3 R4e7 34.Kf2 h5 35.f4 h4 36.g4 Re4 37.Nf3 Qe7
38.g5 Qxc5 39.Rc1 Qb6 40.Nxh4 d4 41.Qc2 Rxf4+ 42.Kg3 Rfe4  0-1

[Event "Stockerau"]
[Site "Stockerau"]
[Date "1993.??.??"]
[Round "4"]
[White "Schweda, Roland"]
[Black "Zvjaginsev, Vadim"]
[Result "0-1"]
[WhiteElo "2305"]
[BlackElo "2455"]

1.c4 e6 2.Nf3 d5 3.b3 Nc6 4.Bb2 d4 5.g3 e5 6.d3 Nf6 7.Bg2 Bc5 8.O-O O-O 9.Ba3 Bxa3
10.Nxa3 Re8 11.Nc2 Bg4 12.Nd2 Qd7 13.b4 Bh3 14.b5 Nd8 15.Nf3 Bxg2 16.Kxg2 Qd6
17.e3 Ne6 18.exd4 exd4 19.Re1 a6 20.a4 Nd7 21.Re4 f5 22.Re2 Rf8 23.Qd2 Rf6
24.Rae1 Raf8 25.Qb4 Ndc5 26.Re5 Nxd3 27.Qxd6 Nxe1+ 28.Rxe1 cxd6 29.Nfxd4 Nxd4
30.Nxd4 g6 31.Nc2 Rc8 32.Ne3 Re6 33.Rb1 a5 34.Rd1 Kf7 35.Kf3 Rc5 36.h4 h6
37.Kf4 Re4+ 38.Kf3 Ke6 39.Rd3 Ke5 40.Rc3 d5 41.Nxd5 Rexc4 42.Rxc4 Rxc4 43.Nb6 Rc3+
44.Kg2 Kd6  0-1

[Event "Rilton Cup op9394"]
[Site "Stockholm"]
[Date "1993.??.??"]
[Round "7"]
[White "Degerman, Lars"]
[Black "Hector, Jonny"]
[Result "0-1"]
[WhiteElo "2460"]
[BlackElo "2500"]

1.c4 e6 2.Nf3 d5 3.b3 Bd6 4.Bb2 f6 5.Nc3 Ne7 6.d4 c6 7.e4 Ng6 8.Bd3 Nf4 9.O-O O-O
10.Re1 dxc4 11.Bxc4 b5 12.Bf1 e5 13.Ne2 Bb4 14.Nxf4 Bxe1 15.Nd3 Ba5 16.dxe5 fxe5
17.Nfxe5 Bb6 18.Rc1 c5 19.Qh5 Qe7 20.Nf3 Qxe4 21.Nxc5 Qf5 22.Qxf5 Rxf5 23.Ne5 Na6
24.b4 Nxc5 25.bxc5 Bc7 26.Nc6 Rh5 27.g3 Be6 28.Bg2 Re8 29.Nxa7 Bxa2 30.Nxb5 Rb8
31.Bf1 Be5 32.Bxe5 Rxe5 33.Nd6 Rb1 34.Rxb1 Bxb1 35.Nc4 Rxc5 36.Ne3 Rc1 37.h4 Kf7
38.Kh2 Kf6 39.g4 Ke5 40.Kg3 Rc3 41.Be2 h6 42.h5 Bd3 43.Bf3 Rc1 44.Bg2 Be4
45.Bf1 Bd5 46.Bh3 Bb7 47.Nf5 Rc3+ 48.Ne3 Rc7 49.Bf1 Rf7 50.Be2 Be4 51.Nc4+ Kd4
52.Nd6 Rf8 53.Nxe4 Kxe4 54.Bc4 Rf3+ 55.Kg2 Kf4 56.Be6 Rc3 57.Bd7 Rc5 58.Bf5 Ra5
59.Bd7 Rg5 60.f3 Rc5 61.Ba4 Rc3 62.Bd1 Rd3  0-1

[Event "EU-ch U18 Girls"]
[Site "Svitavy"]
[Date "1993.??.??"]
[Round "7"]
[White "Chervonenko, Irina"]
[Black "Kadimova, Ilaha"]
[Result "1/2-1/2"]
[WhiteElo "2175"]
[BlackElo "2335"]

1.c4 e6 2.Nf3 d5 3.e3 Nf6 4.d4 c5 5.Nc3 a6 6.cxd5 exd5 7.Be2 Nc6 8.O-O Bd6
9.dxc5 Bxc5 10.a3 O-O 11.b4 Ba7 12.Bb2 Re8 13.Qd3 Be6 14.Rfd1 Qe7 15.Rac1 Rad8
16.Na4 Ne4 17.Nc5 Bf5 18.Nxe4 dxe4 19.Qc3 f6 20.Nd4 Nxd4 21.exd4 Kh8 22.Kh1 Rc8
23.Qb3 Bb8 24.Rc5 Bd7 25.Bc1 Bd6 26.Rxc8 Rxc8 27.Be3 f5 28.g3 Qf6 29.Kg1 f4
30.Bxf4 Bxf4 31.gxf4 Qxf4 32.Qg3 Qh6 33.Bg4 Bxg4 34.Qxg4 Re8 35.Re1 Qc6 36.Re3 Qd5
37.Qd1 Rc8 38.Qe2 Qg5+ 39.Rg3 Qd5 40.Re3 Qg5+  1/2-1/2

[Event "SWZ-ch"]
[Site "?"]
[Date "1993.??.??"]
[Round "?"]
[White "Landenbergue, Claude"]
[Black "Pelletier, Yannick"]
[Result "1/2-1/2"]
[WhiteElo "2405"]
[BlackElo "2285"]

1.c4 e6 2.Nf3 d5 3.g3 dxc4 4.Qa4+ Nd7 5.Qxc4 a6 6.Bg2 b5 7.Qb3 Bb7 8.O-O Ngf6
9.d4 c5 10.Bg5 Qb6 11.Bxf6 Nxf6 12.dxc5 Bxc5 13.Ne5 Bxg2 14.Kxg2 O-O 15.Nd2 Rad8
16.Ndf3 h6 17.a4 Rd5 18.axb5 axb5 19.Nd3 Rfd8 20.Rac1 Ne4 21.Nxc5 Nxc5 22.Qe3 Na4
23.Qxb6 Nxb6 24.b3 Rc8 25.Rxc8+ Nxc8 26.Rc1 Nd6 27.Rc6 Ne4 28.Rc8+ Kh7 29.Rb8 Nd2
30.Nxd2 Rxd2 31.e4 Rd4 32.Rxb5 Rxe4 33.Ra5 Re2 34.h4 Rb2 35.Rb5 Kg6 36.h5+ Kf6
37.Rb7 g6 38.hxg6 fxg6 39.b4 Rb3 40.b5 h5 41.b6 g5 42.Rb8 Kg7 43.b7 Kh7 44.f3 Kg7
45.Kf2 h4 46.Kg2 e5 47.gxh4 gxh4 48.Re8 Rxb7 49.Rxe5 Kf6 50.Rh5 Rb4 51.Kh3  1/2-1/2

[Event "SWZ-chT"]
[Site "?"]
[Date "1993.??.??"]
[Round "?"]
[White "Gavrikov, Viktor"]
[Black "Preissmann, Emmanuel"]
[Result "1-0"]
[WhiteElo "2575"]
[BlackElo "2340"]

1.c4 e6 2.Nf3 d5 3.d4 c6 4.Qc2 Nf6 5.Bg5 Bb4+ 6.Nbd2 h6 7.Bxf6 Qxf6 8.O-O-O Nd7
9.e4 O-O 10.e5 Qe7 11.Kb1 c5 12.Nb3 cxd4 13.Nbxd4 Nb6 14.cxd5 Nxd5 15.Qe4 f5
16.exf6 Nxf6 17.Qc2 e5 18.Bc4+ Kh8 19.Nh4  1-0

[Event "EU-ch U18"]
[Site "Vejen"]
[Date "1993.??.??"]
[Round "7"]
[White "Bauer, Christian"]
[Black "Liiva, Riho"]
[Result "1-0"]
[WhiteElo "2485"]
[BlackElo "2360"]

1.c4 e6 2.Nf3 d5 3.g3 Nf6 4.Bg2 c6 5.b3 Be7 6.O-O O-O 7.Bb2 Nbd7 8.d3 Qc7
9.Nbd2 b6 10.e4 dxe4 11.dxe4 e5 12.Qc2 Bd6 13.Rfe1 Re8 14.Nf1 Nc5 15.Rad1 Bd7
16.b4 Nb7 17.a3 a5 18.Bc3 axb4 19.axb4 Rad8 20.Qb2 Bc8 21.Nh4 Nd7 22.Nf5 f6
23.N1e3 Nf8 24.Ra1 Ne6 25.Ra7 Qb8 26.Rea1 Na5 27.c5 Bc7 28.Rxc7 Qxc7 29.cxb6 Qxb6
30.Rxa5 g6 31.Nc4 Qb8 32.Nh6+ Kg7 33.Ng4 Rd1+ 34.Bf1 Ng5 35.Nge3 Rdd8 36.Nxe5 fxe5
37.f4 Nf7 38.fxe5 Be6 39.Bc4 Qb6 40.Rc5 Kf8 41.Qf2 Qb7 42.Be2 Rc8 43.Nc4 Ke7
44.Ra5 c5 45.Nd6 Nxd6 46.exd6+ Kxd6 47.Qf4+ Ke7 48.Qf6+ Kd6 49.bxc5+ Kc7
50.Qe5+ Kd8 51.Qd6+  1-0

[Event "Women-Veterans"]
[Site "Vienna"]
[Date "1993.??.??"]
[Round "?"]
[White "Arakhamia, Ketevan"]
[Black "Geller, Efim P"]
[Result "1/2-1/2"]
[WhiteElo "2440"]
[BlackElo "2515"]

1.c4 e6 2.Nf3 d5 3.g3 Nf6 4.Bg2 Be7 5.b3 c5 6.O-O Nc6 7.e3 d4 8.exd4 cxd4
9.Re1 Nd7 10.Bb2 e5 11.a3 a5 12.b4 axb4 13.axb4 Rxa1 14.Bxa1 O-O 15.b5 Na5
16.Nxe5 Nxe5 17.Rxe5 Nxc4 18.Rd5 Nd6 19.Bxd4 Be6 20.Nc3 Bxd5 21.Nxd5 Nxb5
22.Bb6 Qe8 23.Qg4 Kh8 24.Bf1 Bd8 25.Bc5 Rg8 26.Qb4 Nc7 27.Nxc7 Bxc7 28.Qxb7 Be5
29.Bc4 Bf6 30.Bxf7 Qa8 31.Qxa8 Rxa8 32.d4 Ra4 33.d5 Bd4 34.Bxd4 Rxd4 35.Kg2 g5
36.Kf3 Kg7 37.Be6 Kf6 38.Ke3 Rd1 39.h3 Re1+ 40.Kd4 h5 41.Bd7 Rf1 42.Ke3 Ke5
43.Be6 Re1+ 44.Kf3 Ra1 45.Bf7 Ra3+ 46.Kg2 h4 47.Be6 Rc3 48.Bf7 Rd3 49.Bg8 Rb3
50.Be6 Rc3 51.Bf7 hxg3 52.fxg3 Ke4 53.h4 g4 54.Bg6+  1/2-1/2

[Event "Wohlen op"]
[Site "Wohlen"]
[Date "1993.??.??"]
[Round "2"]
[White "Zueger, Beat"]
[Black "Flueckiger, T."]
[Result "1-0"]
[WhiteElo "2415"]
[BlackElo "2215"]

1.c4 e6 2.Nf3 d5 3.d4 c5 4.cxd5 exd5 5.g3 Nc6 6.Bg2 Nf6 7.O-O Be7 8.Nc3 O-O
9.Bg5 cxd4 10.Nxd4 h6 11.Be3 Re8 12.Rc1 Bg4 13.h3 Bh5 14.Nb3 Bb4 15.Nxd5 Nxd5
16.Bxd5 Rxe3 17.fxe3 Qg5 18.Kh2 Rd8 19.e4 Bg6 20.Nc5 b6 21.Nb7 Ne5 22.Nxd8 Qxd8
23.Bxf7+ Nxf7 24.Qxd8+ Nxd8 25.Rc8  1-0

[Event "Cseppko op"]
[Site "Aggtelek"]
[Date "1994.??.??"]
[Round "5"]
[White "Volosin, Vladimir"]
[Black "Kiss, Pal"]
[Result "1/2-1/2"]
[WhiteElo "2295"]
[BlackElo "2440"]

1.c4 e6 2.Nf3 d5 3.e3 Nf6 4.d4 dxc4 5.Bxc4 a6 6.O-O c5 7.Bd2 b5 8.Be2 Bb7
9.dxc5 Bxc5 10.b4 Bd6 11.a4 bxa4 12.Qxa4+ Nbd7 13.Na3 O-O 14.Nc4  1/2-1/2

[Event "UKR-chT"]
[Site "Alushta"]
[Date "1994.??.??"]
[Round "?"]
[White "Kushch, Nikolai"]
[Black "Semenov, Valeri"]
[Result "0-1"]
[WhiteElo "2360"]
[BlackElo "2325"]

1.c4 e6 2.Nf3 d5 3.d4 c5 4.e3 Nf6 5.Nc3 a6 6.a3 cxd4 7.exd4 Be7 8.c5 Ne4
9.Qc2 Nxc3 10.Qxc3 Bd7 11.Bd3 O-O 12.h4 b6 13.b4 bxc5 14.bxc5 Nc6 15.Bg5 f6
16.Qc2 h5 17.Be3 e5 18.dxe5 fxe5 19.Qa2 Bg4 20.Ng5 Bxg5 21.hxg5 Qa5+ 22.Kf1 Rad8
23.Kg1 Nd4 24.Bxd4 exd4 25.Rc1 Rfe8 26.Kf1 Re5 27.f3 Re3 28.Qc2 Rf8 29.Kg1 Qxa3
30.Rd1 Bxf3 31.gxf3 Rfxf3 32.Bh7+ Kh8 33.Rh2 d3 34.Bxd3 Rxd3 35.Rxd3 Rxd3
36.Rxh5+ Kg8 37.Kh2 Qc3 38.Qxc3 Rxc3 39.g6 Rxc5 40.Kg3 Rc6 41.Rxd5 Rxg6+
42.Kf4 Rb6 43.Rd7 Rb5 44.Ra7 a5 45.Kg4 Kh7 46.Ra6 g6 47.Ra8 Kh6 48.Rh8+ Kg7
49.Ra8 g5 50.Ra6 Kf7 51.Kf3 Re5 52.Kg4 Ke7 53.Rc6 Kd7 54.Rc4 Kd6 55.Ra4 Kc6
56.Ra1 Kb5 57.Rb1+ Kc4 58.Rc1+ Kb3 59.Rb1+ Kc3 60.Ra1 Kb2 61.Ra4 Kb3 62.Ra1 a4
63.Rb1+  0-1

[Event "Amstelveen"]
[Site "Amstelveen"]
[Date "1994.??.??"]
[Round "3"]
[White "Loeffler, Stefan"]
[Black "Breutigam, Martin"]
[Result "0-1"]
[WhiteElo "2440"]
[BlackElo "2340"]

1.c4 e6 2.Nf3 d5 3.d4 c6 4.e3 Nd7 5.Bd3 f5 6.cxd5 cxd5 7.Nc3 Bd6 8.Bd2 a6
9.Qa4 Rb8 10.Ne2 Qe7 11.a3 Nf6 12.Bb4 Bxb4+ 13.Qxb4 Qxb4+ 14.axb4 Nb6 15.Ne5 Bd7
16.f3 Ke7 17.Kd2 Rhc8 18.b3 Rc7 19.Rhc1 Rxc1 20.Rxc1 Rc8 21.Rg1 Be8 22.g4 fxg4
23.Nxg4 Nxg4 24.Rxg4 g6 25.Nf4 Nd7 26.Rg3 Nf6 27.e4 dxe4 28.fxe4 Bc6 29.Ke3 Bb5
30.e5 Nd5+ 31.Nxd5+ exd5 32.Bxb5 axb5 33.Kd2 Rf8 34.Rh3 h5 35.Ke3 Rf1 36.Rg3 Kf7
37.Ke2 Rb1 38.Rf3+ Ke7 39.Rc3 Rb2+ 40.Kf3 Rxh2 41.Rc5 Ke6 42.Rxb5 Rh3+ 43.Kf2 Rd3
44.Rb6+ Kf5 45.e6 Rxd4 46.e7 Rf4+ 47.Kg2 Re4 48.Rxb7 Kf6 49.Rd7 Rxe7 50.Rxd5 Re3
51.b5 Rxb3 52.Rd6+ Kg5 53.b6 h4 54.Rc6 Kh5 55.Rc5+ g5 56.Rc6 Rb4 57.Kf3 g4+
58.Ke3 h3 59.Kf2 Rb3 60.Rc8  0-1

[Event "Antwerp op"]
[Site "Antwerp"]
[Date "1994.??.??"]
[Round "5"]
[White "Cekro, Ekrem"]
[Black "Lacrosse, Marc"]
[Result "1-0"]
[WhiteElo "2420"]
[BlackElo "2240"]

1.c4 e6 2.Nf3 d5 3.g3 Nf6 4.Bg2 Be7 5.O-O O-O 6.b3 c5 7.Bb2 Nc6 8.e3 b6 9.Qe2 Bb7
10.d3 dxc4 11.bxc4 Qc7 12.Nc3 a6 13.Rab1 Rab8 14.Ba1 Rfd8 15.Rfc1 Na5 16.h4 Nd7
17.e4 Bf6 18.Ne1 Nc6 19.f4 Bxc3 20.Bxc3 e5 21.f5 Ba8 22.g4 f6 23.g5 Qd6 24.Bd2 Nd4
25.Qg4 Kh8 26.Qh5 Nf8 27.Kh2 Bc6 28.gxf6 gxf6 29.Bh6 Qe7 30.Rb2 Nd7 31.Bf1 Rg8
32.Rg2 Rxg2+ 33.Nxg2 b5 34.Ne3 b4 35.Qd1 a5 36.Be2 a4 37.Bh5 b3 38.a3 Nb6
39.Qd2 Qd7 40.Qa5 b2 41.Rg1 Nxc4 42.Nxc4 b1=Q 43.Rxb1 Rxb1 44.Qxc5 Rb8 45.Nxe5 Qc7
46.Qxd4 Qxe5+ 47.Qxe5 fxe5 48.f6 Be8 49.Bxe8  1-0

[Event "AUT-chT"]
[Site "?"]
[Date "1994.??.??"]
[Round "?"]
[White "Hoelzl, Franz"]
[Black "Donev, Ivo Hristov"]
[Result "1/2-1/2"]
[WhiteElo "2390"]
[BlackElo "2410"]

1.c4 e6 2.Nf3 d5 3.g3 Nf6 4.Bg2 Be7 5.O-O O-O 6.d4 dxc4 7.Qc2 a6 8.a4 c5
9.dxc5 Nc6 10.Na3 Bxc5 11.Nxc4 Qe7 12.Bf4 Nd5 13.Rac1 Ncb4 14.Qb1 f6 15.Bd2 b5
16.axb5 axb5 17.Na3 Bd7 18.e4 Nb6 19.e5 N4d5 20.exf6 gxf6 21.Nc2 e5 22.Bh6 Rfd8
23.Nh4 Be6 24.Kh1 Rac8 25.Rce1 Nc4 26.Bc1 b4 27.Na1 Qa7 28.Re2  1/2-1/2

[Event "AUT-chT"]
[Site "?"]
[Date "1994.??.??"]
[Round "?"]
[White "Brestian, Egon"]
[Black "Donev, Ivo Hristov"]
[Result "1/2-1/2"]
[WhiteElo "2460"]
[BlackElo "2410"]

1.c4 e6 2.Nf3 d5 3.g3 Nf6 4.Bg2 Be7 5.O-O O-O 6.b3 a5 7.Bb2 a4 8.Na3 c6 9.d4 Qa5
10.Ne5 Nbd7 11.Qc2 Nxe5 12.dxe5 Nd7 13.cxd5 exd5 14.e4 Nxe5 15.exd5 cxd5
16.Bxe5 Bxa3 17.bxa4 Be6 18.Rab1 Rfc8 19.Qd3 Qxa4 20.Rxb7 Qc2 21.Qb3 Qe2
22.Bd4 Bc5 23.Bf3 Qc4 24.Bxc5 Rxc5 25.Rd1 g6 26.Rb8+ Rxb8 27.Qxb8+ Rc8 28.Qb2 d4
29.Rxd4 Qxa2  1/2-1/2

[Event "Badenweiler op"]
[Site "Badenweiler"]
[Date "1994.??.??"]
[Round "7"]
[White "Grant, Jonathan"]
[Black "Gerstner, Wolfgang"]
[Result "1/2-1/2"]
[WhiteElo "2255"]
[BlackElo "2380"]

1.c4 e6 2.Nf3 d5 3.b3 Nf6 4.g3 c6 5.Bg2 Bd6 6.Bb2 O-O 7.O-O Nbd7 8.d4 Ne4
9.Nbd2 f5 10.Nxe4 fxe4 11.Ne5 Nxe5 12.dxe5 Bc5 13.Bd4 Bxd4 14.Qxd4 b6 15.Rad1 Qe7
16.Qe3 Ba6 17.Rd2 Rac8 18.Rc1 Qa3 19.Rcd1 Rc7 20.Bh3 Bc8 21.f3 Rcf7 22.fxe4 dxc4
23.Rd8 Qe7 24.Rxf8+ Rxf8 25.bxc4 Rd8 26.Rd3 c5 27.Qd2 Rxd3 28.Qxd3 Qd7 29.Kf2 Kf7
30.Ke1 Ke7 31.Kd2 Bb7 32.Bg2 Qc7 33.Qc3 a6 34.Bf3 b5 35.cxb5 axb5 36.a3 h6
37.Kc1 Qb6 38.Kb2 b4 39.axb4 cxb4 40.Qd2 Qc5  1/2-1/2

[Event "JUG-chT Cup"]
[Site "Becici"]
[Date "1994.??.??"]
[Round "?"]
[White "Cvetkovic, Srdjan"]
[Black "Dabetic, Radojica"]
[Result "0-1"]
[WhiteElo "2470"]
[BlackElo "2325"]

1.c4 e6 2.Nf3 d5 3.d4 c5 4.cxd5 exd5 5.Bg5 Be7 6.Bxe7 Qxe7 7.dxc5 Nf6 8.Nbd2 Bg4
9.Rc1 O-O 10.h3 Bh5 11.g4 Bg6 12.e3 Nc6 13.Nb3 Rfe8 14.Be2 Rad8 15.Nbd4 Ne4
16.Nxc6 bxc6 17.Qd4 f5 18.gxf5 Bh5 19.b4 Rf8 20.Rh2 g6 21.Kf1 Rxf5 22.Nd2  0-1

[Event "Bern op"]
[Site "Bern"]
[Date "1994.??.??"]
[Round "5"]
[White "Gulko, Boris F"]
[Black "Kaenel, Hansjuerg"]
[Result "1-0"]
[WhiteElo "2615"]
[BlackElo "2390"]

1.c4 e6 2.Nf3 d5 3.b3 Nf6 4.Bb2 Be7 5.g3 O-O 6.Bg2 b6 7.O-O Bb7 8.cxd5 Nxd5
9.d4 Nd7 10.Re1 c5 11.e4 N5f6 12.Nc3 cxd4 13.Nxd4 Ne5 14.f4 Nc6 15.Nxc6 Bxc6
16.Qe2 Bb4 17.Rac1 Qe7 18.e5 Bc5+ 19.Kh1 Bxg2+ 20.Kxg2 Nd7 21.Red1 Rfc8 22.Ne4 Nf8
23.Rc2 Ba3 24.Bxa3 Qxa3 25.Nd6 Rxc2 26.Qxc2 Rd8 27.Rd4 Qc5 28.Qxc5 bxc5 29.Ra4 Ra8
30.Ra6 Nd7 31.Nb5 g5 32.Rxa7 Rd8 33.Nd6 gxf4 34.gxf4 Kf8 35.Ne4 Ke8 36.Kf3 Rb8
37.Nd6+ Ke7 38.Nxf7  1-0

[Event "GER-ch"]
[Site "Binz"]
[Date "1994.??.??"]
[Round "6"]
[White "Schlosser, Philipp"]
[Black "Luther, Thomas"]
[Result "1/2-1/2"]
[WhiteElo "2510"]
[BlackElo "2510"]

1.c4 e6 2.Nf3 d5 3.d4 c6 4.Qc2 Nf6 5.Bg5 Nbd7 6.e3 Qa5+ 7.Nbd2 Ne4 8.Bf4 Be7
9.Bd3 Nxd2 10.Nxd2 e5 11.dxe5 dxc4 12.Bxc4 Nxe5 13.O-O Nxc4 14.Nxc4  1/2-1/2

[Event "Brno-A"]
[Site "Brno"]
[Date "1994.??.??"]
[Round "8"]
[White "Bischoff, Klaus"]
[Black "Haba, Petr"]
[Result "1/2-1/2"]
[WhiteElo "2525"]
[BlackElo "2505"]

1.c4 e6 2.Nf3 d5 3.d4 Nf6 4.Nc3 Be7 5.Bg5 O-O 6.e3 h6 7.Bh4 b6 8.Be2 Bb7
9.Bxf6 Bxf6 10.cxd5 exd5 11.b4 c5 12.bxc5 bxc5 13.Rb1 Bc6 14.O-O Nd7 15.Bb5  1/2-1/2

[Event "Bucharest-B"]
[Site "Bucharest"]
[Date "1994.??.??"]
[Round "?"]
[White "Bogdan, Dan"]
[Black "Bets, Anatolij"]
[Result "1-0"]
[WhiteElo "2290"]
[BlackElo "2405"]

1.c4 e6 2.Nf3 d5 3.g3 Nf6 4.Bg2 Be7 5.O-O O-O 6.d4 dxc4 7.Ne5 Nbd7 8.Nxc4 Nb6
9.Nxb6 axb6 10.Nc3 c6 11.e4 b5 12.h3 b4 13.Ne2 b6 14.Nf4 Ba6 15.Re1 Qd7 16.Be3 Bb5
17.Qc2 g6 18.Red1 Qa7 19.b3 Rac8 20.Nd3 Rfd8 21.Rac1 Qa6 22.Ne5 Nd7 23.Nc4 c5
24.d5 Bxc4 25.bxc4 Ra8 26.dxe6 fxe6 27.e5 Ra7 28.Qe4 Qxa2 29.Rc2 Qa4 30.Rcd2 b3
31.Qg4 Kf7 32.Be4 b5 33.cxb5 Qxb5 34.Bd3 Qb6 35.Bc4 Nf8 36.Rxd8 Bxd8 37.Qf3+ Kg8
38.Rd6 b2 39.Rxb6 Bxb6 40.Bd3 Ra1+ 41.Kg2 c4 42.Bh6 Bc5 43.Qb7 Ra7 44.Qc8 cxd3
45.Qxc5 Rf7 46.Qb4 g5 47.Qxb2 Rf5 48.g4 Rf7 49.Qd4 Rd7 50.Qc5 Rf7 51.Qd6 Rf4  1-0

[Event "ROM-ch"]
[Site "Bucharest"]
[Date "1994.??.??"]
[Round "1"]
[White "Badea, Bela"]
[Black "Dumitrache, Dragos"]
[Result "1/2-1/2"]
[WhiteElo "2435"]
[BlackElo "2475"]

1.c4 e6 2.Nf3 d5 3.g3 Nf6 4.Bg2 Be7 5.O-O O-O 6.b3 c5 7.Bb2 Nc6 8.e3 b6 9.Qe2 Bb7
10.d3 Qc7 11.Nc3 Rad8 12.Rfd1 dxc4 13.bxc4 Rd7 14.Ne1 Nb4 15.f3 Rfd8 16.a3 Nc6
17.f4 Qb8 18.g4 Na5 19.g5 Ne8 20.Nf3 Qa8 21.Rab1 Nd6 22.e4 Nc6 23.Qf1 Ne8
24.h4 Qb8 25.Bc1 Bd6 26.e5 Bf8 27.h5 Ne7 28.Nh4 Bxg2 29.Kxg2 Qb7+ 30.Kh2 Qc6
31.Rb2 Nf5 32.Nxf5 exf5 33.Qh3 Qe6 34.Rg2 Nc7 35.Rg3 Be7 36.Rdg1 a6 37.a4 Rb8
38.R1g2 b5 39.axb5 axb5 40.g6 fxg6 41.hxg6 h6 42.cxb5 Nxb5 43.Rb2 Rdb7 44.Nxb5 Rxb5
45.Rxb5 Rxb5 46.Qg2 Rb8 47.Qc2 Rb4 48.Rg2 Qd5 49.Be3 Rb3 50.Rd2 Rb6 51.Qa2  1/2-1/2